000
00192 a2200097 4500
001
15582
100
_a
Flaubert, G
245
_a
Madame Bovary
260
_a
_b
Bantam
_c
090
_c
12153
_d
12153
942
_a
NUST-CAE
_c
M
_c
2396
999
_c
250655
_d
250655